000 00347nam a2200145 i 4500
001 bg
100 1 _aTURSKI, Władysław
245 0 _aMetodologia programowania /
_cWładysław Turski.
250 _aWyd. II rozsz.
260 _aWarszawa,
_c1982.
040 _cBPK
041 _apol
942 _cKS
008 s pl f |000 0 pol
999 _c20777
_d20777
856 _uhttp://koha.tu.koszalin.pl/cgi-bin/koha/opac-detail.pl?biblionumber=20777
_yKatalog online BPK